000
00225nam a22000977a 4500
999
_c
263673
_d
263672
020
_a
0689502613
100
_a
Tan Koide
245
_a
May We Sleep Here Tonight
260
_a
New York
_b
Atheneum Publishers
_c
1983
942
_c
BK